| 000 | 01346cam a22003375a 4500 | ||
|---|---|---|---|
| 003 | EG-ScBUE | ||
| 005 | 20220526115439.0 | ||
| 008 | 101121r20132009enka f 000 0 eng d | ||
| 020 | _a9780194714303 | ||
| 040 |
_aEG-ScBUE _beng _erda _cEG-ScBUE _dEG-ScBUE |
||
| 082 | 0 | 4 |
_a428.24 _bSOA _222 |
| 100 | 1 |
_aSoars, John, _d1951- _eauthor. _921210 |
|
| 245 | 1 | 0 |
_aNew headway, _pPre-intermediate, _piTools teacher's guide / _cJohn, Liz Soars, Gareth Davies. |
| 246 | 3 | 0 | _aPre-intermediate |
| 246 | 3 | 0 | _aiTools teacher's guide |
| 250 |
_aThird edition, _bReprinted edition. |
||
| 264 | 1 |
_aOxford ; _aNew York : _bOxford University Press, _c2013. |
|
| 300 |
_a59 pages : _billustrations ; _c28 cm. |
||
| 336 |
_2rdacontent _atext _btxt |
||
| 337 |
_2rdamedia _aunmediated _bn |
||
| 338 |
_2rdacarrier _avolume _bnc |
||
| 490 | 0 | _aOxford iTools | |
| 650 | 7 |
_aEnglish language _vTextbooks for foreign speakers. _2BUEsh _921211 |
|
| 650 | 7 |
_aEnglish language _xGrammar _vProblems, exercises, etc. _2BUEsh _921212 |
|
| 653 |
_bHHUUEENN _cDecember2019 |
||
| 655 |
_vReading book _934232 |
||
| 700 | 1 |
_aSoars, Liz, _d1945- _eauthor. _934639 |
|
| 700 | 1 |
_aDavies, Gareth, _eauthor. |
|
| 856 |
_tWWW. oup. com/elt /headway for interactive resources _uhttps://elt.oup.com/student/headway/?cc=eg&selLanguage=en |
||
| 942 |
_cBB _k428.24 SOA _2ddc |
||
| 999 |
_c29595 _d29566 |
||